| 000 | 00672nam a2200241Ia 4500 | ||
|---|---|---|---|
| 008 | 191130s2007##################000#0#eng## | ||
| 020 | _a9780330434621 | ||
| 022 | _a2007929413 | ||
| 040 |
_aACL _cACL |
||
| 082 | _a823 BYN | ||
| 100 | _aByng, Georgia | ||
| 245 |
_aMolly Moon, Micky Minus, & the mind machine _cGeorgia Byng |
||
| 250 | _a1st ed | ||
| 260 |
_aNew York _bHarperCollins _c2007 |
||
| 300 | _a405 p. ; 23 cm | ||
| 650 | _aBrothers and sisters - Fiction | ||
| 650 | _aHypnotism - Fiction | ||
| 650 | _aTelepathy - Fiction | ||
| 650 | _aTwins - Fiction | ||
| 990 | _ac93afbd1ac10000c5adb7cfe2b2f731c | ||
| 991 | _a37679 | ||
| 999 |
_c13782 _d13782 |
||